000
00302nam a2200121Ia 4500
008
190216s9999||||xx |||||||||||||| ||und||
100
_a
Mcmordie W
245
0
_a
English Idioms And How To Use Them
260
_b
Oxford University Press
_c
1971
300
_a
349p
650
_a
English Story
942
_c
BK
999
_c
12362
_d
12362